000 00333nam a22001337a 4500
020 _a9789695731956
040 _cNUST
082 _a641.5
_bZAK
100 _aZakir Qureshi
_981010
245 _aMeethay Aur Ice Cream
260 _aLAHORE;
_bJahangir Book Depot,
_c2010
650 _aIce Cream. Sweet Dishes
_981586
942 _2ddc
_cBK
999 _c585955
_d585955